Met Gala 2017 Attendees - Statistics

General Stats
  • This quiz has been taken 3 times
  • The average score is 38 of 192
Answer Stats
Attendee % Correct
Jennifer Lopez
100%
Kendall Jenner
100%
Kim Kardashian
100%
Kylie Jenner
100%
Rihanna
100%
A$AP Rocky
50%
Adriana Lima
50%
Allison Williams
50%
Anna Wintour
50%
Ashley Graham
50%
Bee Shaffer
50%
Bella Hadid
50%
Blake Lively
50%
Cara Delevingne
50%
Cassie Ventura
50%
Celine Dion
50%
Cynthia Erivo
50%
Dakota Johnson
50%
Elle Fanning
50%
Emily Ratajkowski
50%
Emma Roberts
50%
Gigi Hadid
50%
Gisele Bündchen
50%
Grimes
50%
Gwyneth Paltrow
50%
Hailee Steinfeld
50%
Hailey Bieber
50%
Halle Berry
50%
Jaden Smith
50%
Janelle Monáe
50%
Jessica Chastain
50%
Joan Smalls
50%
Joe Jonas
50%
Julianne Moore
50%
Karen Elson
50%
Karlie Kloss
50%
Kate Hudson
50%
Katy Perry
50%
Kerry Washington
50%
La La Anthony
50%
Lily Aldridge
50%
Lily Collins
50%
Lily-Rose Depp
50%
Lupita Nyong'o
50%
Madonna
50%
Mary J. Blige
50%
Miranda Kerr
50%
Monica Bellucci
50%
Naomi Campbell
50%
Naomi Watts
50%
Nicki Minaj
50%
Nick Jonas
50%
Paris Jackson
50%
Pharrell Williams
50%
Priyanka Chopra
50%
Rami Malek
50%
Rita Ora
50%
Ryan Reynolds
50%
Salma Hayek
50%
Sean "Diddy" Combs
50%
Selena Gomez
50%
Serena Williams
50%
Solange Knowles
50%
Stella Maxwell
50%
Taylor Hill
50%
The Weeknd
50%
Tom Brady
50%
Yolanda Hadid
50%
Zendaya
50%
Zoë Kravitz
50%
Adwoa Aboah
0%
Alexa Chung
0%
Alexander Skarsgård
0%
Alexis Ohanian
0%
Alex Rodriguez
0%
Amy Fine Collins
0%
Amy Schumer
0%
Anna Cleveland
0%
Ansel Elgort
0%
Anwar Hadid
0%
Ashley Olsen
0%
Ashton Sanders
0%
Aymeline Valade
0%
Aziz Ansari
0%
Behati Prinsloo
0%
Brie Larson
0%
Candice Swanepoel
0%
Carly Steel
0%
Catherine Deneuve
0%
Chrissy Teigen
0%
Claire Danes
0%
Claire Foy
0%
Courtney Love
0%
Daisy Ridley
0%
Daria Strokous
0%
Diane Kruger
0%
Diane von Furstenberg
0%
Diplo
0%
Dominic Cooper
0%
Donald Glover
0%
Doutzen Kroes
0%
Dree Hemingway
0%
Eddie Redmayne
0%
Edward Enninful
0%
Elizabeth Banks
0%
Elizabeth von Thurn und Taxis
0%
Emmy Rossum
0%
Evan Rachel Wood
0%
Fei Fei Sun
0%
Felicity Jones
0%
Frances Bean Cobain
0%
Frank Ocean
0%
Future
0%
Grace Hartzel
0%
Haley Bennett
0%
Hannah Bagshawe
0%
Helen Lasichanh
0%
Héloïse Letissier
0%
Hugh Dancy
0%
Isabelle Huppert
0%
Jemima Kirke
0%
Jenna Lyons
0%
Jennifer Connelly
0%
John Legend
0%
Jourdan Dunn
0%
Julien d'Ys
0%
Kate Bosworth
0%
Katie Holmes
0%
Katie Lee
0%
Keltie Knight
0%
Keri Russell
0%
Kiko Mizuhara
0%
Lara Stone
0%
Laura Dern
0%
Laura Osnes
0%
Lauren Santo Domingo
0%
Léa Seydoux
0%
Lena Dunham
0%
Leslie Mann
0%
Lil Yachty
0%
Lily James
0%
Lisa Love
0%
Liu Wen
0%
Lucas Hedges
0%
Luke Evans
0%
Maggie Gyllenhaal
0%
Mandy Moore
0%
Margaret Qualley
0%
Mary-Kate Olsen
0%
Matthew Rhys
0%
Matt Smith
0%
Megyn Kelly
0%
Michael B. Jordan
0%
Michèle Lamy
0%
Michelle Monaghan
0%
Migos
0%
Mindy Kaling
0%
Mirka Federer
0%
Natalia Vodianova
0%
Natasha Poly
0%
Olivia Cooke
0%
Olivier Rousteing
0%
Paul Feig
0%
Prabal Gurung
0%
Reese Witherspoon
0%
Rick Owens
0%
Rila Fukushima
0%
Riley Keough
0%
Riz Ahmed
0%
Roger Federer
0%
Rose Byrne
0%
Ruby Rose
0%
Ruth Negga
0%
Sarah Paulson
0%
Sasha Lane
0%
Sistine Stallone
0%
Sofia Boutella
0%
Sofia Coppola
0%
Sofia Richie
0%
Sofía Sanchez de Betak
0%
Sophie Turner
0%
Stacy Martin
0%
Stella Tennant
0%
Thandie Newton
0%
Tory Burch
0%
Tracee Ellis Ross
0%
Valentino Garavani
0%
Virgil Abloh
0%
Wendy Yu
0%
Wiz Khalifa
0%
Ysaunny Brito
0%
Zoey Deutch
0%
No matching quizzes found
Score Distribution
Percent of People with Each Score
Percentile by Number Answered
Your Score History
You have not taken this quiz